| 000 | 00471nam a22001817a 4500 | ||
|---|---|---|---|
| 003 | NUST - PNEC | ||
| 005 | 20170116181201.0 | ||
| 008 | 160213b xxu||||| |||| 00| 0 eng d | ||
| 020 | _a9789694963594 | ||
| 040 | _cLIBRARY | ||
| 082 | _a891.4393 RAU | ||
| 100 |
_916389 _aRauf Klasara |
||
| 245 |
_aAkhir kyun _cRauf Klasar |
||
| 260 |
_aIslamabad: _bDost Publications; _c2015 |
||
| 300 | _a335 pages | ||
| 650 |
_916390 _aUrdu Literature _xGeneral |
||
| 942 |
_2ddc _cBK |
||
| 999 |
_c71450 _d71450 |
||